| 000 | 01116nam a2200253 a 4500 | ||
|---|---|---|---|
| 001 | 000693258 | ||
| 003 | AM-YeHGA | ||
| 005 | 20250617142411.0 | ||
| 008 | 091027s1960 gs r 000 0 geo d | ||
| 040 | _aAM-YeHGA | ||
| 041 | 0 |
_ageo _arus |
|
| 245 | 0 | 0 |
_aТерминология физики : _b(Русско - грузинская часть) / _cАН ГССР, Ин-т физики, Ин-т языкознания ; Под ред. А.И. Гачечиладзе, Р.Б. Гамбашидзе. |
| 260 |
_aТбилиси : _bИзд-во АН ГССР, _c1960. |
||
| 300 | _a140 с. | ||
| 546 | _aЗаг. на груз. яз. | ||
| 653 | 0 | _aГрузинский язык - Терминология | |
| 653 | 0 | _aРусский язык - Терминология | |
| 700 | 1 |
_aГачечиладзе, А.И. _eред. _4edt |
|
| 700 | 1 |
_aГамбашидзе, Рогнеда Бидзиновна _eред. _4edt |
|
| 710 | 2 | _aАкадемия наук ГССР | |
| 710 | 2 | _aИнститут физики АН ГССР | |
| 710 | 2 | _aИнститут языкознания АН ГССР | |
| 090 | _c258656 | ||
| 999 |
_c257051 _d257051 |
||